Welcome to CU Library Online Public Access Catalogue (OPAC)

Purchsing and supply chain management (Record no. 8649)

MARC details
000 -LEADER
fixed length control field 00381nam a2200157 4500
005 - DATE AND TIME OF LATEST TRANSACTION
control field 20260202145627.0
008 - FIXED-LENGTH DATA ELEMENTS--GENERAL INFORMATION
fixed length control field cuc123
020 ## - INTERNATIONAL STANDARD BOOK NUMBER
International Standard Book Number 9780273657644
050 ## - LIBRARY OF CONGRESS CALL NUMBER
Classification number HF 5437 LYS
Item number 1
100 ## - MAIN ENTRY--PERSONAL NAME
Personal name LYSONS, Kenneth
245 ## - TITLE STATEMENT
Title Purchsing and supply chain management
260 ## - PUBLICATION, DISTRIBUTION, ETC.
Place of publication, distribution, etc. HARLOW
Name of publisher, distributor, etc. PRENTICE HALL
Date of publication, distribution, etc. 2003
300 ## - PHYSICAL DESCRIPTION
Extent XVI,780p
700 ## - ADDED ENTRY--PERSONAL NAME
Personal name GILLINGHAM, Michael
942 ## - ADDED ENTRY ELEMENTS (KOHA)
Source of classification or shelving scheme Library of Congress Classification
Koha item type Books
Suppress in OPAC No
999 ## -
-- 8649
-- 8649
Holdings
Withdrawn status Lost status Source of classification or shelving scheme Damaged status Not for loan Home library Current library Shelving location Date acquired Total checkouts Full call number Barcode Date last seen Copy number Price effective from Koha item type Public note
    Library of Congress Classification     Graduate Library (Christ Temple) Graduate Library (Christ Temple) General stacks 02/02/2026   HF5437 LYS GSCT00002155 02/02/2026 1 02/02/2026 Books EAQ
    Library of Congress Classification     Graduate Library (Christ Temple) Graduate Library (Christ Temple) General stacks 02/02/2026   HF5437 LYS GSCT00002156 02/02/2026 2 02/02/2026 Books EAQ
    Library of Congress Classification     Graduate Library (Christ Temple) Graduate Library (Christ Temple) General stacks 02/02/2026   HF5437 LYS GSCT00002157 02/02/2026 3 02/02/2026 Books EAQ
    Library of Congress Classification     Graduate Library (Christ Temple) Graduate Library (Christ Temple) General stacks 02/02/2026   HF5437 LYS GSCT00002158 02/02/2026 4 02/02/2026 Books EAQ
© 2023-2024 Copyright: Central University Libraries. All Rights Reserved | Created by: Mahone Tech Office